Cliquez sur un Département Français Valide A-Z - Statistiques

Statistiques générales
  • Ce quiz a été pris 50 162 fois
  • Le résultat moyen est 9 sur 20
Réponses sur la Carte
Les réponses sont colorées sur une échelle allant du rouge au vert en fonction du pourcentage des utilisateurs qui les ont devinées à leur premier essai. Vous pouvez retrouver ces pourcentages ci-dessous.
 
Statistiques - réponses
Réponse % Correct
G
56%
C
55%
F
53%
H
53%
M
53%
P
53%
A
52%
N
50%
B
47%
S
46%
V
46%
L
45%
I
43%
D
38%
E
37%
O
37%
Y
37%
T
36%
R
34%
J
31%
Aucun quiz correspondant
Distribution des résultats
% des personnes avec chaque résultat
Percentile par nombre de réponses
Votre historique - résultats
Vous n’avez pas pris ce quiz